000 00260nam a22001097a 4500
040 _c330
082 _a330 NIC 1971 C083
100 _aNICHOLAS GEORGESCU
245 _aThe entropy law and the economic process
260 _aPhnom Penh
_bNIC
_c1971
942 _cEK
999 _c11041
_d11041